[Černá kniha globalizace]
Recenzia na odbornú knihu, v ktorej autor odkrýva skutočnosti, ktoré bežne človek nevníma. Venuje sa v nej obchodu so zbraňami a jadrovým materiálom, obchodu s drogami, nelegálnej migrácii, porušovaniu duševného vlastníctva, praniu špinavých peňazí a prepletaniu týchto nezákonných činností navzájom.
Enregistré dans:
| Auteur principal: | |
|---|---|
| Format: | Chapitre de livre |
| Langue: | slovaque |
| Sujets: | |
| Tags: |
Pas de tags, Soyez le premier à ajouter un tag!
|
MARC
| LEADER | 00000naa$a2200000$$$4500 | ||
|---|---|---|---|
| 001 | 0107045 | ||
| 005 | 20240502072201.3 | ||
| 041 | 0 | |a slo | |
| 044 | |a SK | ||
| 245 | 1 | 0 | |a [Černá kniha globalizace] |c Martin Lábaj |
| 520 | |a Recenzia na odbornú knihu, v ktorej autor odkrýva skutočnosti, ktoré bežne človek nevníma. Venuje sa v nej obchodu so zbraňami a jadrovým materiálom, obchodu s drogami, nelegálnej migrácii, porušovaniu duševného vlastníctva, praniu špinavých peňazí a prepletaniu týchto nezákonných činností navzájom. | ||
| 610 | 2 | 0 | |a recenzie |
| 610 | 2 | 0 | |a činnosť trestná |
| 610 | 2 | 0 | |a drogy |
| 610 | 2 | 0 | |a pranie špinavých peňazí |
| 610 | 2 | 0 | |a migrácia |
| 610 | 2 | 0 | |a globalizácia |
| 100 | 1 | |a Lábaj, Martin, 1982- | |